000 03887nab a2200421 4500
003 BR-BrBNA
005 20250915121344.0
008 250915b2024 bl.ar|pooa||| 00| 0 eng |
040 _aBR-BrBNA
_bpor
072 _aF01 ; F03 ; F30
_b0140
100 _aKlein, Luis Antônio
100 _aMarchioro, Volmir Sergio
100 _aToebe, Marcos
100 _aOlivoto, Tiago
100 _aMeira, Daniela
100 _aAlberti, João Vitor
100 _aFinatto, José Luiz Balansin
100 _aGarafini, Duana Cancian
100 _aScaravonatto, Bruna
100 _a Azeredo, Nitiele Silva de
100 _aUlbrik, Gaziela
100 _aOsmari, Carla Francine
100 _aFoguesatto, Caroline Bandeira
245 _aAdaptability and stability of black oat genotypes using the GGE biplot analysis
500 _aSummaries (En, Pt); 28 ref.; 3 illus.; 2 tables
520 _aAbstract – The objective of this work was to identify the most adapted and stable genotypes for dry mass and seed yield using the genotype plus environment interaction (GGE) biplot technique. The experiment was conducted in the municipality of Frederico Westphalen, in the state of Rio Grande do Sul, Brazil, in 2018, 2019, 2020, and 2021, using five lines and two cultivars of black oat, in a randomized complete block experimental design, with three replicates. The adaptability and stability of the genotypes, as well as their behavior in the environments, were evaluated using the GGE biplot. The seed yield of black oat genotypes is highly influenced by the environmental conditions over the four studied cultivation years. The UFSMFW 2-07 genotype stands out, but shows instability. The UFSMFW 2-07 and 'UPFA 21-Moreninha' genotypes show adaptability in specific years. Mega environments are formed for the dry mass trait in 2018 and 2021 and seed yield in 2018, 2020, and 2021, whereas, 2019 is considered the year for genotype discrimination. Index terms: Avena strigosa, environment-genotype interaction, genotype selection, seed yield.
520 _aResumo – O objetivo deste trabalho foi identificar os genótipos mais adaptados e estáveis para massa seca e produtividade de sementes, com uso da técnica genótipo + interação genótipo-ambinete (GGE) biplot. O experimento foi conduzido no município de Frederico Westphalen, no estado do Rio Grande do Sul, Brasil, em 2018, 2019, 2020 e 2021, tendo-se utilizado cinco linhagens e duas cultivares de aveia-preta, em delineamento experimental de blocos ao acaso, com três repetições. A adaptabilidade e a estabilidade dos genótipos, bem como seu comportamento nos ambientes, foram avaliados pelo GGE biplot. A produtividade de sementes de genótipos de aveia-preta é altamente influenciada pelas condições ambientais ao longo dos quatro anos de cultivo estudados. O genótipo UFSMFW 2-07 destaca-se, mas apresenta instabilidade. Já os genótipos UFSMFW 2-07 e 'UPFA 21-Moreninha' apresentam adaptabilidade para produção de massa seca em anos específicos. São formados mega-ambientes para o traço massa seca em 2008 e 2021 e para produtividade de sementes em 2018, 2020 e 2021, enquanto 2019 é considerado o ano para discriminação de genótipos. Termos para indexação: Avena strigosa, interação genótipo-ambiente, seleção de genótipos, produtividade de sementes.
650 _aAVEIA PRETA
650 _aAVENA STRIGOSA
650 _aSEMENTE
650 _aMEIO AMBIENTE
650 _aSELEÇÃO GENÓTIPA
650 _aRENDIMENTO
773 0 _0920
_9357578
_dBrasília-DF Empresa Brasileira de Pesquisa Agropecuária - EMBRAPA 1966-
_o2025-5543
_tPesquisa Agropecuária Brasileira (Brazil)
_x0100-204X
_gv. 59 p. 1-10; (2024)
_wBR2025002434
856 _uhttps://www.scielo.br/j/pab/a/ZZnQQDMmZDsqT8Yhyjk3K5t/?format=pdf&lang=en
942 _cANA
999 _c338171
_d338171